Fundamentos de ingeniería gráfica / (Record no. 39)

MARC details
000 -LEADER
fixed length control field 00549nam a22001697a 4500
008 - FIXED-LENGTH DATA ELEMENTS--GENERAL INFORMATION
fixed length control field 120721t xxu||||| |||| 00| 0 spa d
020 ## - INTERNATIONAL STANDARD BOOK NUMBER
International Standard Book Number 84-7738-416-9
040 ## - CATALOGING SOURCE
Original cataloging agency AR-FvUNAJ
Modifying agency AR-FvUNAJ
Description conventions aacr2
082 14 - DEWEY DECIMAL CLASSIFICATION NUMBER
Edition number 14
Classification number 604.2
100 1# - MAIN ENTRY--PERSONAL NAME
Personal name Félez, Jesús
9 (RLIN) 129
245 10 - TITLE STATEMENT
Title Fundamentos de ingeniería gráfica /
Statement of responsibility, etc Jesús Félez, María Luisa Martínez, José María Cabanellas, Antonio Carretero
260 ## - PUBLICATION, DISTRIBUTION, ETC. (IMPRINT)
Place of publication, distribution, etc Madrid :
Name of publisher, distributor, etc Síntesis,
Date of publication, distribution, etc 2005.
300 ## - PHYSICAL DESCRIPTION
Extent 445 p.
650 ## - SUBJECT ADDED ENTRY--TOPICAL TERM
Source of heading or term unescot
Topical term or geographic name as entry element DIBUJO TECNICO
9 (RLIN) 128
650 14 - SUBJECT ADDED ENTRY--TOPICAL TERM
Topical term or geographic name as entry element PROGRAMA CAD
9 (RLIN) 130
942 ## - ADDED ENTRY ELEMENTS (KOHA)
Source of classification or shelving scheme Dewey Decimal Classification
Item type Libro, folleto, traducción
980 ## - EQUIVALENCE OR CROSS-REFERENCE-SERIES STATEMENT--PERSONAL NAME/TITLE [LOCAL, CANADA]
Field link and sequence number 2
Miscellaneous information Virginia Figueroa
Holdings
Withdrawn status Lost status Source of classification or shelving scheme Damaged status Not for loan Home library Current library Date acquired Source of acquisition Total Checkouts Total Renewals Full call number Barcode Date last seen Date last borrowed Copy number Price effective from Koha item type
    Dewey Decimal Classification   Consulta en Sala Biblioteca Central Biblioteca Central 21/07/2012 Compra 7 1 604.2 FEL Mf UNAJ12070192 17/03/2025 30/08/2023 1 21/07/2012 Libro, folleto, traducción
    Dewey Decimal Classification     Biblioteca Central Biblioteca Central 21/07/2012 Compra 15 9 604.2 FEL Mf UNAJ12070193 17/03/2025 30/05/2017 2 21/07/2012 Libro, folleto, traducción
    Dewey Decimal Classification     Biblioteca Central Biblioteca Central 21/07/2012 Compra 9 6 604.2 FEL Mf UNAJ12070194 17/03/2025 09/10/2019 3 21/07/2012 Libro, folleto, traducción
    Dewey Decimal Classification     Biblioteca Central Biblioteca Central 21/07/2012 Compra 18 16 604.2 FEL Mf UNAJ12070195 17/03/2025 03/09/2024 4 21/07/2012 Libro, folleto, traducción
    Dewey Decimal Classification   Consultar Disponibilidad Biblioteca Central DEPOSITO 21/07/2012 Compra 4   604.2 FEL Mf UNAJ12070196 17/03/2025 11/04/2016 5 21/07/2012 Libro, folleto, traducción
    Dewey Decimal Classification   Consultar Disponibilidad Biblioteca Central DEPOSITO 21/07/2012 Compra 7 11 604.2 FEL Mf UNAJ12070197 17/03/2025 04/09/2017 6 21/07/2012 Libro, folleto, traducción
    Dewey Decimal Classification   Consultar Disponibilidad Biblioteca Central DEPOSITO 21/07/2012 Compra 12 12 604.2 FEL Mf UNAJ12070198 17/03/2025 15/08/2017 7 21/07/2012 Libro, folleto, traducción

Lunes a Viernes 8:30 a 19:00 hs. Cerrado por mudanza
Av.Calchaqui 6200 Florencio Varela (CP188) 2°piso Edificio Mosconi Aula 209-210
Mail: bibliotecacentralunaj@gmail.com  
Whatsapp(54 9)1122668024    ❔Pregunte a la bibliotecaria
© Universidad Nacional Arturo Jauretche | Secretaría Académica | Biblioteca Central UNAJ